Fr. Conceicao Rodrigues College of Engineering

Cutting tool material selection (Record no. 29256)

MARC details
000 -LEADER
fixed length control field 00302nam a2200133Ia 4500
082 ## - DEWEY DECIMAL CLASSIFICATION NUMBER
Classification number 621.93
100 ## - MAIN ENTRY--PERSONAL NAME
Personal name Swinehart/ H.J. ed.
245 ## - TITLE STATEMENT
Title Cutting tool material selection
260 ## - PUBLICATION, DISTRIBUTION, ETC.
Name of publisher, distributor, etc. Astme
Place of publication, distribution, etc. Michigan
Date of publication, distribution, etc. 1967
300 ## - PHYSICAL DESCRIPTION
Extent 155
546 ## - LANGUAGE NOTE
Language note ENGLISH
654 ## - SUBJECT ADDED ENTRY--FACETED TOPICAL TERMS
Focus term Cutting tool material
942 ## - ADDED ENTRY ELEMENTS (KOHA)
Koha item type BOOK
Holdings
Withdrawn status Lost status Damaged status Not for loan Collection Home library Current library Date acquired Source of acquisition Cost, normal purchase price Inventory number Total Checkouts Full call number Barcode Date last seen Cost, replacement price Price effective from Koha item type
        AFT Fr. Agnel's C.Rodrigues College of Engineering Fr. Agnel's C.Rodrigues College of Engineering 17/03/2023 UBS 65.25 T-377   621.93 AFT2326 17/03/2023 65.25 17/03/2023 BOOK